000 00469nam a2200157 4500
001 138805
003 ES-MaACL
005 20230906195635.0
007 t|
008 070214s1969 sp r ||||1| spa d
100 1 _aSanz y Ruiz de la Peña, Nicomedes.
_9103697
245 1 0 _aEspino en flor
_b: (107 sonetillos) /
_cNicomedes Sanz y Ruiz de la Peña.
260 _aValladolid :
_bCeres,
_c1969.
300 _a112 p. ;
_c17 cm.
852 _aES-MaACL
_jC-40778
_bR.71017
999 _c138805
_d138805